| 000 | 00556nam a22002057a 4500 | ||
|---|---|---|---|
| 003 | FEu | ||
| 005 | 20140311162958.0 | ||
| 008 | 130304t xxu||||| |||| 00| 0 eng d | ||
| 020 | _a0131707892 | ||
| 050 |
_aRC 683.5 _b.B368 2007 |
||
| 100 | _aBeasley, Brenda M. | ||
| 245 |
_aUnderstanding 12-lead EKGs : _ba practical approach b/ _cBrenda Beasley, Michael Wes |
||
| 250 | _a2nd ed. | ||
| 260 |
_aUpper Saddle River, NJ : _bPearson, _c2006. |
||
| 300 |
_a368 p. : _c25 cm. |
||
| 521 | _aNUR | ||
| 562 | _e1 | ||
| 942 |
_2lcc _cBK _kLOC |
||
| 999 |
_c39121 _d39121 |
||